000 00688nam a2200229 a 4500
001 13910
003 BD-JhCC
005 20240514200945.0
008 171002b20022007bg |||| ||a| 000 0 ben d
020 _a9848682058
035 _a(BD-JhCC)13910
040 _aBD-JhCC
_dBD-JhCC
041 _aban
082 _a891.443
_bAHM 2007
100 _aআহমেদ, হুমায়ূন
245 _aতারা তিন জন /
_bহুমায়ূন আহমেদ
260 _aঢাকা :
_bঅন্যপ্রকাশ;
_c২০০৭.
300 _a৭২ পৃ. :
_c22 সেমি.
650 _aBengali Novel
942 _2ddc
_cBK
999 _c13910
_d13910